00953nam a2200277 a 450000100060000000300090000600800410001502000180005604000280007404100080010210000290011024502130013925000230035226000350037530000270041049000120043765000230044965000370047265000240050965000230053365000230055665000250057970000240060470000270062870000200065524966CO-ViMGA141112s2004 ck r 000 u spa d a9789581414116 aCO-ViMGAbspacCO-ViMGA aSPA1 aEscardó i Bas, Mercè10aAlí Babá y los 40 ladrones : bcuento de las mil y una noches / cexplicado por Mercè Escardó i Bas y Lluís Ganduxé ; versión castellana de Marco Tulio Ramírez ; ilustraciones de Daniel Sesé a1a ed., 2a reimpr. aBogotá : bLa Galera, c2012 a22 p. : il. col. : il. aPopular14aAMBICION - CUENTO 14aCUENTOS CLASICOS - ADAPTACIONES 14aCUENTOS ORIENTALES 14aDESDE LOS 6 AÑOS14aLADRONES - CUENTO 14aLITERATURA INFANTIL 1 aGanduxé, Lluís 1 aRamírez, Marco Tulio1 aSesé, Daniel